Statistics for Every Premier League Goalscorer (1997/98)

Click here to take the quiz!

General Stats

  • This quiz has been taken 41 times
  • The average score is 77 of 242

Answer Stats

PlayerClubGoals% Correct
Henning BergManchester United1
96%
Dennis BergkampArsenal16
92%
Michael OwenLiverpool18
92%
Alan ShearerNewcastle United2
88%
Andy ColeManchester United15
88%
Dwight YorkeAston Villa12
88%
Ian WrightArsenal10
88%
Roy KeaneManchester United2
88%
Chris SuttonBlackburn Rovers18
84%
Peter FearWimbledon2
84%
Teddy SheringhamManchester United9
84%
Tony AdamsArsenal3
84%
Dion DublinCoventry City18
80%
Robbie FowlerLiverpool9
80%
Gianfranco ZolaChelsea8
76%
Les FerdinandTottenham Hotspur5
72%
Matt Le TissierSouthampton11
72%
Patrick VieiraArsenal2
72%
Duncan FergusonEverton11
68%
Nicolas AnelkaArsenal6
68%
Ole Gunnar SolskjærManchester United6
68%
Paolo Di CanioSheffield Wednesday12
68%
Paul ScholesManchester United8
68%
Phil NevilleManchester United1
68%
Ryan GiggsManchester United8
68%
Ceri HughesWimbledon1
64%
David BeckhamManchester United9
64%
Denis IrwinManchester United2
64%
Dennis WiseChelsea3
64%
Mark HughesChelsea9
64%
Michael HughesWimbledon4
64%
Scott JonesBarnsley1
64%
Stephen HughesArsenal2
64%
Emile HeskeyLeicester City10
60%
Emmanuel PetitArsenal2
60%
Jimmy Floyd HasselbainkLeeds United16
60%
Nigel WinterburnArsenal1
60%
Ray ParlourArsenal5
60%
Tim SherwoodBlackburn Rovers4
60%
David GinolaTottenham Hotspur6
56%
David PlattArsenal3
56%
Frank LampardWest Ham United5
56%
Jamie RedknappLiverpool3
56%
Marc OvermarsArsenal12
56%
Nicky ButtManchester United3
56%
Colin HendryBlackburn Rovers1
52%
Jason WilcoxBlackburn Rovers4
52%
John HartsonWest Ham United15
52%
John HendrieBarnsley1
52%
Lee HendrieAston Villa3
52%
Gianluca VialliChelsea11
48%
Paulo WanchopeDerby County13
48%
Ronny JohnsenManchester United2
48%
Stan CollymoreAston Villa6
48%
Benito CarboneSheffield Wednesday9
44%
David BattyNewcastle United1
44%
Gary SpeedNewcastle United1
44%
Gary SpeedEverton7
44%
Graeme Le SauxChelsea1
44%
Harry KewellLeeds United5
44%
John BarnesNewcastle United6
44%
Kevin DaviesSouthampton9
44%
Noel WhelanCoventry City6
44%
Paul InceLiverpool8
44%
Steve WatsonNewcastle United1
44%
Bruce DyerCrystal Palace4
40%
Chris ArmstrongTottenham Hotspur5
40%
Darren HuckerbyCoventry City14
40%
Dean SturridgeDerby County9
40%
Gus PoyetChelsea4
40%
Ian PearceWest Ham United1
40%
Jimmy PhillipsBolton Wanderers1
40%
Jürgen KlinsmannTottenham Hotspur9
40%
Lee BowyerLeeds United3
40%
Roberto Di MatteoChelsea4
40%
Tore André FloChelsea11
40%
Alan ThompsonBolton Wanderers9
36%
David HirstSouthampton9
36%
David ThompsonLiverpool1
36%
David UnsworthWest Ham United2
36%
Dean HoldsworthBolton Wanderers3
36%
Francis BenaliSouthampton1
36%
Frank LeboeufChelsea5
36%
Jason McAteerLiverpool2
36%
Keith GillespieNewcastle United4
36%
Muzzy IzzetLeicester City4
36%
Neil LennonLeicester City2
36%
Patrik BergerLiverpool3
36%
Robbie SavageLeicester City2
36%
Steve WalshLeicester City3
36%
Stuart WilsonLeicester City2
36%
Tony CotteeLeicester City4
36%
Ashley WardBarnsley8
32%
Christopher WrehArsenal3
32%
Ian TaylorAston Villa6
32%
Julian JoachimAston Villa8
32%
Karel PoborskýManchester United2
32%
Kevin GallacherBlackburn Rovers16
32%
Marcus BentCrystal Palace5
32%
Neil ShipperleyCrystal Palace7
32%
Nicky BarmbyEverton2
32%
Rob LeeNewcastle United4
32%
Ruel FoxTottenham Hotspur3
32%
Stuart RipleyBlackburn Rovers2
32%
Warren BartonNewcastle United3
32%
Andreas AnderssonNewcastle United2
28%
Bob TaylorBolton Wanderers3
28%
Chris PowellDerby County1
28%
Dan PetrescuChelsea5
28%
Don HutchisonEverton1
28%
Eyal BerkovicWest Ham United7
28%
Faustino AsprillaNewcastle United2
28%
Frank SinclairChelsea1
28%
Garry ParkerLeicester City3
28%
Jody MorrisChelsea1
28%
John BeresfordNewcastle United2
28%
Marcus GayleWimbledon2
28%
Michael ThomasLiverpool1
28%
Neil RedfearnBarnsley10
28%
Paul KitsonWest Ham United4
28%
Robbie EarleWimbledon3
28%
Steve GuppyLeicester City2
28%
Trevor SinclairWest Ham United7
28%
Andy BoothSheffield Wednesday7
24%
David HopkinLeeds United1
24%
Dean GordonCrystal Palace2
24%
Gjorgji HristovBarnsley4
24%
Ian MarshallLeicester City7
24%
Jason EuellWimbledon4
24%
Mark DraperAston Villa3
24%
Matt ElliottLeicester City7
24%
Øyvind LeonhardsenLiverpool6
24%
Paul WarhurstCrystal Palace3
24%
Peter BeardsleyBolton Wanderers2
24%
Rod WallaceLeeds United10
24%
Savo MiloševićAston Villa7
24%
Steve StauntonAston Villa1
24%
Temur KetsbaiaNewcastle United3
24%
Ugo EhioguAston Villa2
24%
Wayne CollinsSheffield Wednesday5
24%
Aljoša AsanovićDerby County1
20%
Andy HinchcliffeSheffield Wednesday1
20%
Andy RobertsWimbledon1
20%
Attilio LombardoCrystal Palace5
20%
Carl CortWimbledon4
20%
Carlton PalmerSouthampton3
20%
Colin CalderwoodTottenham Hotspur4
20%
Damien DuffBlackburn Rovers4
20%
David WetherallLeeds United3
20%
Deon BurtonDerby County3
20%
Egil ØstenstadSouthampton11
20%
Gareth FarrellyEverton1
20%
Gary RowettDerby County1
20%
George BoatengCoventry City1
20%
Gunnar HalleLeeds United2
20%
Igor ŠtimacDerby County1
20%
Jason DoddSouthampton1
20%
Karl-Heinz RiedleLiverpool6
20%
Marcus HallCoventry City1
20%
Nathan BlakeBolton Wanderers12
20%
Neal ArdleyWimbledon2
20%
Per FrandsenBolton Wanderers2
20%
Stefano EranioDerby County5
20%
Steve ClarkeChelsea1
20%
Steve LomasWest Ham United2
20%
Allan NielsenTottenham Hotspur3
16%
Bruno RibeiroLeeds United3
16%
Carl LeaburnWimbledon4
16%
Chris PerryWimbledon1
16%
Francesco BaianoDerby County12
16%
Gilles GrimandiArsenal1
16%
Jan Åge FjørtoftBarnsley6
16%
Jim MagiltonSheffield Wednesday1
16%
José DominguezTottenham Hotspur2
16%
Ken MonkouSouthampton1
16%
Lee CarsleyDerby County1
16%
Mark FishBolton Wanderers2
16%
Mark NichollsChelsea3
16%
Mark PembridgeSheffield Wednesday4
16%
Matt OakleySouthampton1
16%
Paul TelferCoventry City3
16%
Peter AthertonSheffield Wednesday3
16%
Ramon VegaTottenham Hotspur3
16%
Stan LazaridisWest Ham United2
16%
Theodoros ZagorakisLeicester City1
16%
Trond Egil SoltvedtCoventry City1
16%
Christian DaillyDerby County1
12%
Darren BarnardBarnsley2
12%
Dejan StefanovićSheffield Wednesday2
12%
Efan EkokuWimbledon4
12%
Gary BreenCoventry City1
12%
Gary CharlesAston Villa1
12%
Graham StuartEverton2
12%
Guðni BergssonBolton Wanderers2
12%
Guy WhittinghamSheffield Wednesday4
12%
Jon Dahl TomassonNewcastle United3
12%
Martin DahlinBlackburn Rovers4
12%
Matt JansenCrystal Palace3
12%
Neil CoxBolton Wanderers1
12%
Nikolaos DabizasNewcastle United1
12%
Samassi AbouWest Ham United6
12%
Saša ĆurčićCrystal Palace1
12%
Alf-Inge HålandLeeds United7
8%
Claus ThomsenEverton1
8%
Clinton MorrisonCrystal Palace1
8%
Danny CadmarteriEverton4
8%
Eric TinklerBarnsley2
8%
Graham FentonLeicester City3
8%
Jacob LaursenDerby County1
8%
Jamie FullartonCrystal Palace1
8%
Jamie PollockBolton Wanderers1
8%
John MoncurWest Ham United1
8%
John OsterEverton1
8%
Jon NewsomeSheffield Wednesday2
8%
Lars BohinenBlackburn Rovers1
8%
Lars BohinenDerby County1
8%
Nicola BertiTottenham Hotspur3
8%
Rob UllathorneLeicester City1
8%
Scott SellarsBolton Wanderers2
8%
Simon RodgerCrystal Palace2
8%
Andy LiddellBarnsley1
4%
Carl TilerEverton1
4%
Derek LilleyLeeds United1
4%
Emmanuel OmoyinmiWest Ham United2
4%
Graham HydeSheffield Wednesday1
4%
Hermann HreiðarssonCrystal Palace2
4%
Laurent CharvetChelsea2
4%
Marc RieperWest Ham United1
4%
Michael BallEverton1
4%
Michele PadovanoCrystal Palace1
4%
Mickaël MadarEverton6
4%
Moussa SaïbTottenham Hotspur1
4%
Neil MaddisonSouthampton1
4%
Robert MolenaarLeeds United2
4%
Ståle SolbakkenWimbledon1
4%
Tony GrantEverton1
4%
Francesco SanettiSheffield Wednesday1
0%
Gary CroftBlackburn Rovers1
0%
Jonathan HuntDerby County1
0%
Jovo BosančićBarnsley3
0%
Michael JohansenBolton Wanderers1
0%
Viorel MoldovanCoventry City1
0%

Score Distribution

Percentile by Number Answered

Percent of People with Each Score

Your Score History

You have not taken this quiz